LEADER 01154nam a2200277 i 4500 001 000000249248 003 CaOOAMICUS 005 20250909172039.0 008 160503s2016 it u000 u ita u 013 $a228153 020 $a978-88-917-2782-4 040 $aSeMil$bita 110 0 $aFondazione ISMU .$0(OLS)http://semarc/name/89855 245 10$aVentunesimo Rapporto sulle migrazioni 2015 /$cFondazione Ismu. 260 $aMilano :$bFranco Angeli,$c2016. 300 $a319 p. ;$c23 cm. 490 0 $aCollana Ismu ;$v61. 650 4$aImmigrazione - Italia - Rapporti informativi.$0(OLS)http://semarc/subject/53933 830 0$aCollana Ismu ;$v61.$0(OLS)http://semarc/title/16829 850 $aSeMil 852 $aSeMil$W1$xVenegono$y1$m3YY III 4/21$j261639$B199594$CSeMilBibl$Z2$F212036 $81 961 $aOmaggio: Delpini mons. Mario 996 $6020$a978-88-917-2782-4$9(OLS)http://semarc/number/259284 996 $6245$aVentunesimo Rapporto sulle migrazioni 2015$9(OLS)http://semarc/title/351434 996 $6260$aMilano :$bFranco Angeli$9(OLS)http://semarc/publisher/30369 LEADER 00692nam a2200181 i 4500 001 000000214168 003 CaOOAMICUS 005 20120627000000.0 008 120627s1968 it u000 u ita u 013 $a193023 040 $aSeMil$bita 245 10$a[M-Z]. 650 4$aTeologia morale - Enciclopedie e dizionari.$0(OLS)http://semarc/subject/1165 773 0 $tDizionario di teologia morale.$b4. edizione riveduta alla luce del Concilio ecumenico Vaticano 2.$dRoma : Studium, copyr. 1968.$g1$w()26972 850 $aSeMil 852 $aSeMil$W1$xVenegono$y1$m2E I 368$j164596$B164596$CSeMilBibl$Z2$F175603 $81 961 $aOmaggio: Donazione 996 $6245$a[M-Z]$9(OLS)http://semarc/title/138181